Missing Word: George Clooney Quiz Stats

 Plays Quiz Updated Feb 4, 2012

Support Sporcle.
Go Orange.
Score 0/18 Timer 02:00
1 Play Today
George Clooney Movie Answer % Correct
_______ ElevenOcean's
96.1%
From ____ till DawnDusk
92.7%
The Thin Red ____Line
90.9%
______ & RobinBatman
90.1%
One Fine ___Day
87.4%
O _______, Where Art Thou?Brother
87.2%
The ____ of MarchIdes
86%
____ After ReadingBurn
84%
___ of SightOut
72.1%
George Clooney Movie Answer % Correct
Good Night, and Good ____Luck
69.2%
The Perfect _____Storm
58.7%
Return of the ______ Tomatoes!Killer
54.3%
Three _____Kings
49.1%
Michael _______Clayton
46.2%
Intolerable _______Cruelty
45.9%
___________ of a Dangerous MindConfessions
43.9%
___ KidsSpy
36.8%
The Good ______German
9.4%

Today's Daily Dose

Quick Pick
Nissan Models

Get the Picture
Amazing Trees

From the Vault

20 City Snapshot

by RobPro

Hopefully these cities remember to smile.
Remove Ads.
Support Sporcle.
Get the best of Sporcle when you Go Orange. This ad-free experience offers more features, more stats, and more fun while also helping to support Sporcle. Thank you for becoming a member.

Show Comments

Extras

Top Quizzes Today


Score Distribution

Your Account Isn't Verified!

In order to create a playlist on Sporcle, you need to verify the email address you used during registration. Go to your Sporcle Settings to finish the process.

Report this User

Report this user for behavior that violates our Community Guidelines.

Details: